| 000 | 00566nam a2200169 4500 | ||
|---|---|---|---|
| 001 | 132187 | ||
| 003 | ES-MaACL | ||
| 005 | 20230906194126.0 | ||
| 007 | t| | ||
| 008 | 070214s1909 sp r ||||1| spa d | ||
| 100 | 1 |
_aRoji de Echenique, Angel. _999087 |
|
| 245 | 1 | 3 |
_aLa disciplina escolar ó el secreto de la educación / _cAngel Roji de Echenique ; con un prólogo del R.P. Adolfo Villanueva. |
| 260 |
_aPamplona : _b[s.n.], _c1909 ( _fViuda de R. Velandia) |
||
| 300 |
_a142 p. ; _c21 cm. |
||
| 700 | 1 |
_aVillanueva, Adolfo. _9115013 |
|
| 852 |
_aES-MaACL _jF-1491 |
||
| 999 |
_c132187 _d132187 |
||